[Event "WUCC op 11th"]
[Site "Zuerich"]
[Date "2010.09.10"]
[Round "8"]
[White "Ma, Yu"]
[Black "Akkozov, Berik"]
[Result "0-1"]
[WhiteElo "2336"]
[BlackElo "2288"]
[PlyCount "118"]
[EventDate "2010.09.05"]
[EventType "swiss"]
[EventRounds "9"]
[EventCountry "SUI"]
[SourceTitle "CBM 138 Extra"]
[Source "ChessBase"]
[SourceDate "2010.10.29"]
[SourceVersion "1"]
[SourceVersionDate "2010.10.29"]
[SourceQuality "1"]

1. d4 d5 2. c4 c6 3. Nf3 a6 4. a4 Nf6 5. e3 e6 6. Bd3 a5 7. 0-0 Na6 8. Re1 Nb4 9. Bf1 Be7 10. Nbd2 0-0 11. b3 b6 12. Bb2 Bb7 13. Rc1 Ne4 14. Nxe4 dxe4 15. Nd2 c5 16. dxc5 bxc5 17. Qg4 g6 18. Red1 f5 19. Qf4 Qb8 20. Be5 Qe8 21. Nb1 Nc6 22. Bc7 Rf7 23. Nc3 Bf8 24. Nb5 Rd7 25. Be2 e5 26. Qg3 Rc8 27. Nd6 Qe7 28. Nxc8 Rxd1+ 29. Rxd1 Qxc7 30. h4 Bxc8 31. h5 Qf7 32. hxg6 hxg6 33. Qh4 Be7 34. Qh6 Qh7 35. Qxh7+ Kxh7 36. g3 Be6 37. Kg2 Kg7 38. Rh1 Bg5 39. Rd1 f4 40. gxf4 exf4 41. Rd6 f3+ 42. Bxf3 exf3+ 43. Kxf3 Bc8 44. Ke2 Nb4 45. Rb6 Be7 46. Rb5 Nc6 47. Rb6 Bd7 48. Rb7 Be8 49. f4 Kf7 50. Kf2 Ke6 51. Ke2 Bd7 52. Kd3 Nb4+ 53. Kd2 Nc6 54. Kd3 Kd6 55. e4 Nd4 56. Rb6+ Bc6 57. Rb8 g5 58. fxg5 Bxg5 59. Rg8 Ne6 0-1

[Event "WUCC op 11th"]
[Site "Zuerich"]
[Date "2010.09.10"]
[Round "7"]
[White "Swinkels, Robin"]
[Black "Ma, Yu"]
[Result "1-0"]
[WhiteElo "2478"]
[BlackElo "2336"]
[PlyCount "49"]
[EventDate "2010.09.05"]
[EventType "swiss"]
[EventRounds "9"]
[EventCountry "SUI"]
[SourceTitle "CBM 138 Extra"]
[Source "ChessBase"]
[SourceDate "2010.10.29"]
[SourceVersion "1"]
[SourceVersionDate "2010.10.29"]
[SourceQuality "1"]

1. d4 d5 2. c4 c6 3. Nf3 Nf6 4. e3 e6 5. b3 Nbd7 6. Bb2 Bd6 7. Bd3 0-0 8. 0-0 b6 9. Nbd2 Bb7 10. Ne5 Rc8 11. f4 c5 12. Qe2 Ne4 13. cxd5 exd5 14. Nxe4 dxe4 15. Bc4 Qe7 16. Rad1 Nf6 17. d5 Rcd8 18. Nc6 Bxc6 19. dxc6 Kh8 20. g4 Ne8 21. Rd5 Nc7 22. Rh5 f6 23. g5 Qe8 24. Qg4 b5 25. Rxh7+ 1-0

[Event "WUCC op 11th"]
[Site "Zuerich"]
[Date "2010.09.06"]
[Round "2"]
[White "Kalugampitiya, RS."]
[Black "Ma, Yu"]
[Result "0-1"]
[WhiteElo "2095"]
[BlackElo "2336"]
[PlyCount "56"]
[EventDate "2010.09.05"]
[EventType "swiss"]
[EventRounds "9"]
[EventCountry "SUI"]
[SourceTitle "CBM 138 Extra"]
[Source "ChessBase"]
[SourceDate "2010.10.29"]
[SourceVersion "1"]
[SourceVersionDate "2010.10.29"]
[SourceQuality "1"]

1. e4 c5 2. Nf3 d6 3. d4 cxd4 4. Nxd4 Nf6 5. Nc3 Nc6 6. Bg5 e6 7. f3 a6 8. Qd2 Bd7 9. 0-0-0 b5 10. Bxb5 axb5 11. Ndxb5 Nb4 12. Nxd6+ Bxd6 13. Qxd6 Nxa2+ 14. Nxa2 Rxa2 15. Kb1 Qa8 16. b3 Ra6 17. Qd4 e5 18. Qxe5+ Re6 19. Qd4 Bc6 20. Bxf6 gxf6 21. g4 0-0 22. h4 Qa5 23. g5 f5 24. h5 fxe4 25. f4 Ra8 26. Qb2 e3 27. h6 Rg6 28. Rd6 Qa1+ 0-1

[Event "Groningen Young Masters"]
[Site "Groningen"]
[Date "1999.12.30"]
[Round "11"]
[White "Ma, Yu"]
[Black "Werle, Jan"]
[Result "1-0"]
[WhiteElo "2375"]
[BlackElo "2216"]
[PlyCount "31"]
[EventDate "1999.12.19"]
[EventType "tourn"]
[EventRounds "11"]
[EventCountry "NED"]
[EventCategory "4"]
[SourceTitle "CBM 073 Extra"]
[Source "ChessBase"]
[SourceDate "2000.01.11"]
[SourceVersion "1"]
[SourceVersionDate "2000.01.11"]
[SourceQuality "1"]

1. d4 Nf6 2. Nf3 b6 3. g3 Bb7 4. Bg2 e6 5. 0-0 Be7 6. c4 0-0 7. Nc3 Ne4 8. Qc2 Nxc3 9. bxc3 c5 10. Ng5 Bxg5 11. Bxb7 Bxc1 12. Raxc1 Nc6 13. Bxa8 Qxa8 14. Rcd1 d6 15. Qd2 Na5 16. Qd3 1-0

[Event "Groningen Young Masters"]
[Site "Groningen"]
[Date "1999.12.29"]
[Round "10"]
[White "Efimenko, Zahar"]
[Black "Ma, Yu"]
[Result "1-0"]
[WhiteElo "2332"]
[BlackElo "2375"]
[PlyCount "55"]
[EventDate "1999.12.19"]
[EventType "tourn"]
[EventRounds "11"]
[EventCountry "NED"]
[EventCategory "4"]
[SourceTitle "CBM 073 Extra"]
[Source "ChessBase"]
[SourceDate "2000.01.11"]
[SourceVersion "1"]
[SourceVersionDate "2000.01.11"]
[SourceQuality "1"]

1. e4 c5 2. Nf3 d6 3. d4 cxd4 4. Nxd4 Nf6 5. Nc3 a6 6. Bg5 Nbd7 7. Bc4 Qc7 8. Qe2 e6 9. 0-0-0 Ne5 10. Bb3 Be7 11. f4 Nc6 12. f5 Nxd4 13. Rxd4 0-0 14. g4 b5 15. Be3 e5 16. Nd5 Nxd5 17. Rxd5 Bb7 18. g5 Bxd5 19. Bxd5 Rac8 20. h4 Kh8 21. Rh2 g6 22. h5 Qd8 23. hxg6 Bxg5 24. Rxh7+ Kg8 25. gxf7+ Kxh7 26. Qh5+ Kg7 27. Qg6+ Kh8 28. Bxg5 1-0

[Event "Groningen Young Masters"]
[Site "Groningen"]
[Date "1999.12.28"]
[Round "9"]
[White "Ma, Yu"]
[Black "Zhao, Xue"]
[Result "0-1"]
[WhiteElo "2375"]
[BlackElo "2374"]
[PlyCount "32"]
[EventDate "1999.12.19"]
[EventType "tourn"]
[EventRounds "11"]
[EventCountry "NED"]
[EventCategory "4"]
[SourceTitle "CBM 073 Extra"]
[Source "ChessBase"]
[SourceDate "2000.01.11"]
[SourceVersion "1"]
[SourceVersionDate "2000.01.11"]
[SourceQuality "1"]

1. e4 c6 2. d4 d5 3. e5 c5 4. c3 Nc6 5. Be3 Nh6 6. Bxh6 gxh6 7. Ne2 Qb6 8. Qd2 Bf5 9. dxc5 Qxc5 10. b4 Qb6 11. Nd4 Nxd4 12. cxd4 e6 13. b5 Rc8 14. a4 a5 15. bxa6 bxa6 16. a5 Qb3 0-1

[Event "Groningen Young Masters"]
[Site "Groningen"]
[Date "1999.12.27"]
[Round "8"]
[White "Matnadze, Ana"]
[Black "Ma, Yu"]
[Result "1-0"]
[WhiteElo "2280"]
[BlackElo "2375"]
[PlyCount "75"]
[EventDate "1999.12.19"]
[EventType "tourn"]
[EventRounds "11"]
[EventCountry "NED"]
[EventCategory "4"]
[SourceTitle "CBM 073 Extra"]
[Source "ChessBase"]
[SourceDate "2000.01.11"]
[SourceVersion "1"]
[SourceVersionDate "2000.01.11"]
[SourceQuality "1"]

1. d4 Nf6 2. g3 g6 3. Bg2 d5 4. Nf3 Bg7 5. 0-0 0-0 6. c4 c6 7. Nc3 Ne4 8. Qb3 e6 9. Rd1 f5 10. Ne5 Nxc3 11. bxc3 Bxe5 12. dxe5 dxc4 13. Qc2 Qa5 14. Bh6 Re8 15. f4 Qc5+ 16. Kh1 Qe3 17. Rf1 Nd7 18. Rf3 Qc5 19. g4 Nb6 20. Rg3 a5 21. Rg1 Kf7 22. e4 Bd7 23. Bg5 fxg4 24. Rxg4 h5 25. Rg3 Rh8 26. f5 exf5 27. Be3 Qxe5 28. Bd4 Qe7 29. exf5 Bxf5 30. Rf1 Qe6 31. Rxg6 Kxg6 32. Rxf5 Qxf5 33. Be4 Rhf8 34. Qg2+ Kf7 35. Bxf5 Rg8 36. Qf3 Ke8 37. Bxb6 Rf8 38. Qe4+ 1-0

[Event "Groningen Young Masters"]
[Site "Groningen"]
[Date "1999.12.26"]
[Round "7"]
[White "Ma, Yu"]
[Black "Horvath, Adam"]
[Result "1-0"]
[WhiteElo "2375"]
[BlackElo "2412"]
[PlyCount "83"]
[EventDate "1999.12.19"]
[EventType "tourn"]
[EventRounds "11"]
[EventCountry "NED"]
[EventCategory "4"]
[SourceTitle "CBM 073 Extra"]
[Source "ChessBase"]
[SourceDate "2000.01.11"]
[SourceVersion "1"]
[SourceVersionDate "2000.01.11"]
[SourceQuality "1"]

1. c4 Nf6 2. Nf3 g6 3. g3 Bg7 4. Bg2 0-0 5. 0-0 d6 6. d4 Nbd7 7. Nc3 e5 8. e4 exd4 9. Nxd4 Re8 10. h3 a6 11. Nb3 Ne5 12. c5 Be6 13. f4 Nc6 14. Rf2 Nd7 15. Be3 Bxb3 16. Qxb3 Nxc5 17. Bxc5 dxc5 18. e5 Rb8 19. Rd1 Nd4 20. Qc4 Qc8 21. Qxc5 Nf5 22. Ne4 b6 23. Qc6 Re6 24. Qd7 Ne3 25. Ng5 Qe8 26. Qxe8+ Rbxe8 27. Nxe6 Nxd1 28. Nxg7 Rd8 29. Re2 Kxg7 30. Be4 Rd4 31. Bg2 Rd3 32. Kh2 Ne3 33. Be4 Rd2 34. Rxd2 Nf1+ 35. Kg1 Nxd2 36. Bd5 b5 37. Kf2 f6 38. exf6+ Kxf6 39. Ke2 Nc4 40. Bxc4 bxc4 41. Ke3 h5 42. g4 1-0

[Event "Groningen Young Masters"]
[Site "Groningen"]
[Date "1999.12.22"]
[Round "4"]
[White "Stellwagen, Daniel"]
[Black "Ma, Yu"]
[Result "1-0"]
[WhiteElo "2254"]
[BlackElo "2375"]
[PlyCount "111"]
[EventDate "1999.12.19"]
[EventType "tourn"]
[EventRounds "11"]
[EventCountry "NED"]
[EventCategory "4"]
[SourceTitle "CBM 073 Extra"]
[Source "ChessBase"]
[SourceDate "2000.01.11"]
[SourceVersion "1"]
[SourceVersionDate "2000.01.11"]
[SourceQuality "1"]

1. e4 e6 2. d4 d5 3. Nc3 Nf6 4. Bg5 Be7 5. e5 Nfd7 6. Bxe7 Qxe7 7. f4 a6 8. Nf3 c5 9. Qd2 Nc6 10. dxc5 Qxc5 11. 0-0-0 0-0 12. Bd3 b5 13. Bxh7+ Kxh7 14. Ng5+ Kg8 15. Qd3 Rd8 16. Qh7+ Kf8 17. Qh8+ Ke7 18. Qxg7 Rf8 19. Nxe6 Kxe6 20. Rxd5 Qe3+ 21. Kb1 Nb4 22. Rxd7 Kxd7 23. Qxf8 Qxf4 24. Rd1+ Kc7 25. Qxb4 Qxb4 26. Nd5+ Kc6 27. Nxb4+ Kc5 28. Nd3+ Kd4 29. Kc1 Bf5 30. Rf1 Bxd3 31. cxd3 Ra7 32. e6 fxe6 33. Kd2 Rg7 34. g3 Rg6 35. Rf4+ Ke5 36. d4+ Kd5 37. Kd3 Rg8 38. Ke3 Rc8 39. Rf2 Rc4 40. h4 e5 41. dxe5 Kxe5 42. Kf3 Kf5 43. Rd2 Rc6 44. g4+ Kg6 45. b3 Rf6+ 46. Ke4 Re6+ 47. Kf4 Rc6 48. h5+ Kh6 49. g5+ Kg7 50. Rd7+ Kh8 51. g6 Rc1 52. h6 Rf1+ 53. Ke5 Re1+ 54. Kd6 Rd1+ 55. Kc6 Rc1+ 56. Kb7 1-0

[Event "Groningen Young Masters"]
[Site "Groningen"]
[Date "1999.12.21"]
[Round "3"]
[White "Ma, Yu"]
[Black "Mastrovasilis, Dimitrios"]
[Result "1/2-1/2"]
[WhiteElo "2375"]
[BlackElo "2384"]
[PlyCount "233"]
[EventDate "1999.12.19"]
[EventType "tourn"]
[EventRounds "11"]
[EventCountry "NED"]
[EventCategory "4"]
[SourceTitle "CBM 073 Extra"]
[Source "ChessBase"]
[SourceDate "2000.01.11"]
[SourceVersion "1"]
[SourceVersionDate "2000.01.11"]
[SourceQuality "1"]

1. Nf3 d5 2. d4 Nf6 3. g3 Bf5 4. Bg2 e6 5. 0-0 Nbd7 6. c4 c6 7. b3 h6 8. Bb2 Bd6 9. Nbd2 0-0 10. Re1 Ne4 11. Nxe4 Bxe4 12. Ne5 Bxg2 13. Kxg2 Nxe5 14. dxe5 Bb4 15. Rf1 Qe7 16. a3 Ba5 17. b4 Bc7 18. c5 a5 19. Qd2 Ra7 20. Bd4 axb4 21. axb4 Rfa8 22. Rxa7 Rxa7 23. Ra1 Rxa1 24. Bxa1 Qg5 25. f4 Qf5 26. Qd3 Qxd3 27. exd3 b6 28. Bd4 bxc5 29. Bxc5 f6 30. d4 Kf7 31. Kf3 Bd8 32. Ke3 Kg6 33. Kf3 Kf7 34. Ke3 f5 35. Kd3 g5 36. Ke3 Kg6 37. Kf3 Kh5 38. h3 gxf4 39. Kxf4 Bg5+ 40. Kf3 Bd2 41. Be7 Bc3 42. Ke3 Be1 43. Kf3 Kg6 44. Bf8 Bc3 45. Ke3 h5 46. Be7 Kh6 47. Bf8+ Kg5 48. Be7+ Kh6 49. Bf8+ Kg5 50. Be7+ Kg6 51. Bc5 h4 52. Kf2 Kh5 53. Kf3 hxg3 54. Kxg3 Be1+ 55. Kf3 Bh4 56. Kf4 Bd8 57. Kg3 Bg5 58. Bd6 Be3 59. Bc5 Bg5 60. Bd6 f4+ 61. Kf3 Kh4 62. Kg2 f3+ 63. Kxf3 Kxh3 64. Ke2 Kg3 65. Kd3 Kf2 66. Bc5 Ke1 67. Bd6 Bd2 68. Bc5 Kd1 69. Bd6 Kc1 70. Bc5 Be1 71. Ke2 Bc3 72. Kf3 Kd2 73. Kf4 Kd3 74. Kg5 Bxd4 75. Bxd4 Kxd4 76. Kf6 Kc4 77. Kxe6 d4 78. Kf6 d3 79. e6 d2 80. e7 d1Q 81. e8Q Qf3+ 82. Kg7 Qg4+ 83. Kh6 Qf4+ 84. Kg6 Qd6+ 85. Kh7 Kxb4 86. Qe1+ Kc4 87. Qc1+ Kd5 88. Qd1+ Ke6 89. Qg4+ Ke7 90. Qg5+ Kd7 91. Qf5+ Kd8 92. Qb1 c5 93. Qa2 Qd3+ 94. Kh8 c4 95. Qa8+ Ke7 96. Qb7+ Ke6 97. Qc6+ Ke5 98. Qe8+ Kd4 99. Qd8+ Kc3 100. Qa5+ Kb2 101. Qb6+ Qb3 102. Qf2+ Kb1 103. Qe1+ Ka2 104. Qa5+ Qa3 105. Qd5 Qh3+ 106. Kg8 Qg4+ 107. Kh8 Kb1 108. Qb5+ Kc2 109. Qa4+ Kc1 110. Qa2 Kd1 111. Qb1+ Kd2 112. Qb4+ Ke2 113. Qa4 Kf2 114. Qa2+ Qe2 115. Qa7+ Kg2 116. Qg7+ Kf2 117. Qc3 1/2-1/2

[Event "Groningen Young Masters"]
[Site "Groningen"]
[Date "1999.12.20"]
[Round "2"]
[White "Volokitin, Andrei"]
[Black "Ma, Yu"]
[Result "1-0"]
[WhiteElo "2307"]
[BlackElo "2375"]
[PlyCount "73"]
[EventDate "1999.12.19"]
[EventType "tourn"]
[EventRounds "11"]
[EventCountry "NED"]
[EventCategory "4"]
[SourceTitle "CBM 073 Extra"]
[Source "ChessBase"]
[SourceDate "2000.01.11"]
[SourceVersion "1"]
[SourceVersionDate "2000.01.11"]
[SourceQuality "1"]

1. e4 c5 2. Nf3 d6 3. d4 cxd4 4. Nxd4 Nf6 5. Nc3 a6 6. Be2 e6 7. 0-0 Be7 8. f4 Qc7 9. Kh1 Nbd7 10. Bf3 0-0 11. a4 Nc5 12. Qe1 Ne8 13. a5 b5 14. axb6 Qxb6 15. Be3 Qc7 16. Ndb5 Qb8 17. e5 d5 18. Nd4 Bb7 19. Nxd5 exd5 20. Nf5 Qc7 21. Nxe7+ Qxe7 22. Qb4 Rc8 23. Ra5 d4 24. Bxd4 Bxf3 25. gxf3 Qh4 26. Bxc5 Qh3 27. Qe1 Nd6 28. exd6 Rfe8 29. Qd1 Re6 30. Rxa6 Rh6 31. Rf2 Qd7 32. Ra7 Qd8 33. d7 Rb8 34. Re2 Re6 35. Rxe6 fxe6 36. Qd6 Rxb2 37. Qxe6+ 1-0